| Tag |
First Indicator |
Second Indicator |
Subfields |
| LEADER |
00000cam a2200000Ia 4500 |
| 001 |
in00002467488 |
| 005 |
20151110040830.0 |
| 008 |
080630s2008 nyua b 001 0aeng d |
| 010 |
|
|
|a 2008929096
|
| 020 |
|
|
|a 9780977787555
|
| 020 |
|
|
|a 0977787559
|
| 035 |
|
|
|a (OCoLC)ocn232983127
|
| 040 |
|
|
|a BTCTA
|c BTCTA
|d OCP
|d UtOrBLW
|
| 049 |
|
|
|a TXAM
|
| 082 |
0 |
|
|a 747.092
|b fV318Zv, 2008
|
| 090 |
|
|
|a NK2004.3.V37
|b A4 2008
|
| 100 |
1 |
|
|a Varney, Carleton.
|
| 245 |
1 |
0 |
|a Houses in my heart :
|b an international decorator's colorful journey /
|c Carleton Varney ; new photographs by Michel Arnaud.
|
| 250 |
|
|
|a 1st ed.
|
| 264 |
|
1 |
|a New York :
|b Pointed Leaf Press,
|c [2008]
|
| 264 |
|
4 |
|c ©2008
|
| 300 |
|
|
|a 228 pages :
|b color illustrations ;
|c 32 cm.
|
| 336 |
|
|
|a text
|b txt
|2 rdacontent
|
| 337 |
|
|
|a unmediated
|b n
|2 rdamedia
|
| 338 |
|
|
|a volume
|b nc
|2 rdacarrier
|
| 504 |
|
|
|a Includes bibliographical references (page 225) and index.
|
| 600 |
1 |
0 |
|a Varney, Carleton.
|
| 650 |
|
0 |
|a Interior decorators
|z United States
|v Biography.
|
| 650 |
|
0 |
|a Interior decoration
|y 20th century.
|
| 650 |
|
0 |
|a Interior decoration
|y 21st century.
|
| 700 |
1 |
|
|a Arnaud, Michel.
|
| 945 |
|
|
|a PromptCat
|
| 946 |
|
|
|a stk
|
| 947 |
|
|
|a A14837411378
|
| 948 |
|
|
|a cataloged
|b h
|c 2009/1/8
|d c
|e dmitchel
|f 12:44:26 pm
|
| 994 |
|
|
|a 92
|b TXA
|
| 999 |
|
|
|a MARS
|
| 999 |
f |
f |
|s ade35b43-d48a-3bb4-af83-0531ac3e48bc
|i 151ff142-2f09-3810-ace4-bbdc302cd7c6
|t 0
|
| 952 |
f |
f |
|p normal
|a Texas A&M University
|b College Station
|c Sterling C. Evans Library
|d Evans: Library Stacks
|t 0
|e NK2004.3.V37 A4 2008
|h Library of Congress classification
|i unmediated -- volume
|m A14837411378
|
| 998 |
f |
f |
|a NK2004.3.V37 A4 2008
|t 0
|l Evans: Library Stacks
|